Science : (Record no. 265844)
[ view plain ]
| 000 -LEADER | |
|---|---|
| fixed length control field | 01777cam a22004577i 4500 |
| 001 - CONTROL NUMBER | |
| control field | 18286532 |
| 003 - CONTROL NUMBER IDENTIFIER | |
| control field | OSt |
| 005 - DATE AND TIME OF LATEST TRANSACTION | |
| control field | 20260209130832.0 |
| 008 - FIXED-LENGTH DATA ELEMENTS--GENERAL INFORMATION | |
| fixed length control field | 140902s2014 nyua j 001 0 eng d |
| 010 ## - LIBRARY OF CONGRESS CONTROL NUMBER | |
| LC control number | 2014395894 |
| 020 ## - INTERNATIONAL STANDARD BOOK NUMBER | |
| International Standard Book Number | 9781465420466 |
| International Standard Book Number | 1465420460 |
| 035 ## - SYSTEM CONTROL NUMBER | |
| System control number | 18286532 |
| System control number | (OCoLC)859883169 |
| 040 ## - CATALOGING SOURCE | |
| Original cataloging agency | YDXCP |
| Transcribing agency | YDXCP |
| Description conventions | rda |
| Modifying agency | BTCTA |
| -- | BDX |
| -- | OCO |
| -- | JBL |
| -- | DLC |
| 042 ## - AUTHENTICATION CODE | |
| Authentication code | lccopycat |
| 050 00 - LIBRARY OF CONGRESS CALL NUMBER | |
| Classification number | Q163 |
| Item number | .W6458 2014 |
| 082 04 - DEWEY DECIMAL CLASSIFICATION NUMBER | |
| Classification number | 503 |
| Edition number | 23 |
| 100 1# - MAIN ENTRY--PERSONAL NAME | |
| Personal name | Woodford, Chris. |
| 245 10 - TITLE STATEMENT | |
| Title | Science : |
| Remainder of title | a visual encyclopedia / |
| Statement of responsibility, etc | authors, Chis Woodford, Steve Parker. |
| 250 ## - EDITION STATEMENT | |
| Edition statement | First American edition. |
| 264 #1 - PRODUCTION, PUBLICATION, DISTRIBUTION, MANUFACTURE, AND COPYRIGHT NOTICE | |
| Place of production, publication, distribution, manufacture | New York, New York : |
| Name of producer, publisher, distributor, manufacturer | DK Publishing, |
| Date of production, publication, distribution, manufacture, or copyright notice | 2014. |
| Date of production, publication, distribution, manufacture, or copyright notice | ©2014 |
| 300 ## - PHYSICAL DESCRIPTION | |
| Extent | 304 pages : |
| Other physical details | color illustrations ; |
| Dimensions | 28 cm. |
| 336 ## - CONTENT TYPE | |
| Content type term | text |
| Content type code | txt |
| Source | rdacontent |
| 337 ## - MEDIA TYPE | |
| Media type term | unmediated |
| Media type code | n |
| Source | rdamedia |
| 338 ## - CARRIER TYPE | |
| Carrier type term | volume |
| Carrier type code | nc |
| Source | rdacarrier |
| 490 1# - SERIES STATEMENT | |
| Series statement | DK Smithsonian |
| 500 ## - GENERAL NOTE | |
| General note | Includes index. |
| 520 ## - SUMMARY, ETC. | |
| Summary, etc | Discusses key concepts in biology, physics, chemistry, and other scientific fields, and includes fast fact boxes, images and diagrams, and information about key scientists and their work.-- |
| Assigning source | Source other than Library of Congress. |
| 650 #0 - SUBJECT ADDED ENTRY--TOPICAL TERM | |
| Topical term or geographic name as entry element | Science |
| Form subdivision | Encyclopedias, Juvenile. |
| Topical term or geographic name as entry element | Science |
| Form subdivision | Juvenile literature. |
| 655 #7 - INDEX TERM--GENRE/FORM | |
| Genre/form data or focus term | Literature. |
| Source of term | lcgft |
| Authority record control number | https://id.loc.gov/authorities/genreForms/gf2014026415 |
| 700 1# - ADDED ENTRY--PERSONAL NAME | |
| Personal name | Parker, Steve, |
| Dates associated with a name | 1952- |
| 830 #0 - SERIES ADDED ENTRY--UNIFORM TITLE | |
| Uniform title | Smithsonian handbooks. |
| 856 42 - ELECTRONIC LOCATION AND ACCESS | |
| Materials specified | Publisher description |
| Uniform Resource Identifier | <a href="http://www.loc.gov/catdir/enhancements/fy1501/2014395894-d.html">http://www.loc.gov/catdir/enhancements/fy1501/2014395894-d.html</a> |
| 906 ## - LOCAL DATA ELEMENT F, LDF (RLIN) | |
| a | 7 |
| b | cbc |
| c | copycat |
| d | 2 |
| e | ncip |
| f | 20 |
| g | y-gencatlg |
| 942 ## - ADDED ENTRY ELEMENTS (KOHA) | |
| Source of classification or shelving scheme | Library of Congress Classification |
| Koha item type | Long Loan Books |
| Withdrawn status | Lost status | Source of classification or shelving scheme | Damaged status | Not for loan | Collection code | Home library | Current library | Shelving location | Date acquired | Source of acquisition | Total Checkouts | Full call number | Barcode | Date last seen | Price effective from | Koha item type |
|---|---|---|---|---|---|---|---|---|---|---|---|---|---|---|---|---|
| Library of Congress Classification | Non-fiction | Rongo University Library | Rongo University Library | General Stacks | 09/02/2026 | Books for Africa, Donation | Q163 .W6458 2014 | 20261383 | 09/02/2026 | 09/02/2026 | Long Loan Books |
